| 000 | 00379cam a2200157ua 4500 | ||
|---|---|---|---|
| 041 |
_aeng _h |
||
| 082 |
_a823.308 _bDIC/BL |
||
| 100 | _aDickens, Charles. | ||
| 245 |
_aBleak house / _cCharles Dickens. _hTextual Documents |
||
| 250 |
_a1 / _b. |
||
| 260 |
_aLondon : _bJ M Dent and Sons Ltd , _c1962. |
||
| 300 | _a808 ; . | ||
| 504 | _a | ||
| 942 | _cBK | ||
| 999 |
_c7872 _d7872 |
||